Siksha danar padhati aru kaushal (Record no. 1774)

MARC details
000 -LEADER
fixed length control field 00541cam a2200205ua 4500
001 - CONTROL NUMBER
control field 1900
005 - DATE AND TIME OF LATEST TRANSACTION
control field 20260515113424.0
008 - FIXED-LENGTH DATA ELEMENTS--GENERAL INFORMATION
fixed length control field 110811n ii |||gr||||Z||||||asm
020 ## - INTERNATIONAL STANDARD BOOK NUMBER
International Standard Book Number 81-7339-108-4
040 ## - CATALOGING SOURCE
Transcribing agency MAIN
082 ## - DEWEY DECIMAL CLASSIFICATION NUMBER
Classification number 371.3
100 ## - MAIN ENTRY--PERSONAL NAME
Personal name Goswami, Rajani Kanta,
Relator term Author.
245 1# - TITLE STATEMENT
Title Siksha danar padhati aru kaushal
Statement of responsibility, etc. by Rajani Kanta Goswami
250 ## - EDITION STATEMENT
Edition statement 1st.
260 ## - PUBLICATION, DISTRIBUTION, ETC.
Place of publication, distribution, etc. Dibrugarh:
Name of publisher, distributor, etc. Banalata,995.
Place of publication, distribution, etc. Guahati:
300 ## - PHYSICAL DESCRIPTION
Extent 182p:
Dimensions 23cm.
653 ## - INDEX TERM--UNCONTROLLED
Uncontrolled term Education
653 ## - INDEX TERM--UNCONTROLLED
Uncontrolled term Siksha danar padhati aru kaushal
942 ## - ADDED ENTRY ELEMENTS (KOHA)
Koha item type Books
Holdings
Withdrawn status Lost status Damaged status Not for loan Home library Current library Shelving location Date acquired Total checkouts Full call number Barcode Date last seen Copy number Price effective from Koha item type Date last checked out
        Naharkatiya College Library Naharkatiya College Library General stacks 09/19/2020   371.3 | GOS 11308 09/19/2020 2 09/19/2020 Books  
        Naharkatiya College Library Naharkatiya College Library General stacks 09/19/2020 1 371.3 | GOS 11309 08/28/2021 3 09/19/2020 Books 08/11/2021
        Naharkatiya College Library Naharkatiya College Library General stacks 09/19/2020   371.3 | GOS 11649 09/19/2020 1 09/19/2020 Books